Connect the Movies in Reverse Quiz Stats

 Plays Quiz Updated Jun 25, 2014

Support Sporcle.
Go Orange.
Score 0/20 Timer 06:00
0 Plays Today
% Correct
Dwarfs
96.3%
Button
95.1%
Grail
94.9%
Nest
94.4%
Kid
93.8%
Burgundy
91.7%
Kind
90.2%
Mystery
90.1%
Mind
87.2%
July
82%
% Correct
Front
80.4%
Still
76%
Kwai
75.3%
Jane?
72%
Madre
63.6%
Hills
62.9%
Night
61.6%
King
59.9%
Mummy
59.7%
Lives
59.4%

You're not logged in!

Compare scores with friends on all Sporcle quizzes.
OR
Log In

From the Vault

'80s Movies by Characters

by tjconn728

It seems like George Lucas made up character names by pulling random words out of a hat.
Remove Ads.
Support Sporcle.
Get the best of Sporcle when you Go Orange. This ad-free experience offers more features, more stats, and more fun while also helping to support Sporcle. Thank you for becoming a member.

Show Comments

Extras

Top Quizzes Today


Score Distribution

Your Account Isn't Verified!

In order to create a playlist on Sporcle, you need to verify the email address you used during registration. Go to your Sporcle Settings to finish the process.

Report this User

Report this user for behavior that violates our Community Guidelines.

Details: